Tendencias de cambio social en el proceso de modernización agrícola costarricense /
Uloženo v:
| Hlavní autor: | |
|---|---|
| Médium: | Text |
| Témata: | |
| Tagy: |
Přidat tag
Žádné tagy, Buďte první, kdo vytvoří štítek k tomuto záznamu!
|
MARC
| LEADER | 00000 a a2200000 04500 | ||
|---|---|---|---|
| 001 | 12554 | ||
| 003 | |||
| 040 | |||
| 100 | |a Román Vega, Isabel | ||
| 245 | |a Tendencias de cambio social en el proceso de modernización agrícola costarricense / |c Isabel Román Vega | ||
| 650 | |a SECTOR AGROPECUARIO | ||
| 650 | |a AJUSTE ESTRUCTURAL | ||
| 650 | |a DESARROLLO RURAL | ||
| 650 | |a DIVERSIFICACION DE LA PRODUCCION | ||
| 650 | |a PEQUEÑOS AGRICULTORES | ||
| 650 | |a DISTRIBUCION DEL INGRESO | ||
| 650 | |a GOBERNABILIDAD | ||
| 650 | |a CAMBIO TECNOLOGICO | ||
| 650 | |a MOVIMIENTOS CAMPESINOS | ||
| 773 | |g volumen 1, número 1; páginas 72-84 | ||
| 999 | |c 20853 |d 20853 | ||
